000 00511nam a2200193 a 4500
001 17737
003 CO-ViMGA
008 141112s2004 ck r 000 u spa d
020 _a9802572721
040 _aCO-ViMGA
_bspa
_cCO-ViMGA
082 0 4 _aGAYee
100 1 _aGay, Marie - Louise
245 1 0 _aEstela hada del bosque
260 _aCaracas (Venezuela),
_cEkare,
_c2002
300 _a32.p.
590 _aForma de adquisición : Premio - Mincultura
650 1 4 _aCUENTOS INFANTILES
_92743
942 _2ddc
_cBK
999 _c27213
_d27213